| 000 | 01528cam a2200385 i 4500 | ||
|---|---|---|---|
| 005 | 20260322212046.0 | ||
| 008 | data | ||
| 010 | _a 2016022022 | ||
| 020 |
_a9781849057332 _qpaperback |
||
| 020 |
_a1849057338 _qpaperback |
||
| 020 |
_a9781784501037 _qeISBN |
||
| 040 |
_aDLC _beng _erda _cDLC _dOCLCO _dBDX _dORX _dYDX _dOCLCO _dNLGGC _dOCLCO _dOCLCF _dOCLCO |
||
| 041 | 0 | 9 | _aeng |
| 042 |
_anlmcopyc _anlmcopyc |
||
| 044 | _9England | ||
| 050 | 0 | 0 |
_aRC489.A7 _bC53 2017 |
| 060 | 1 | 0 | _aWM 450.5.A8 |
| 082 | 0 | 0 |
_a616.89/1656 _223 |
| 096 | _aWM 450.5 A8 C53 2017 | ||
| 100 | 1 |
_aClark, Susan M. _c(Art therapist), _eauthor. |
|
| 245 | 1 | 0 |
_aDBT-informed art therapy : _bmindfulness, cognitive behavior therapy, and the creative process / _cSusan M. Clark. |
| 260 |
_aPhiladelphia, PA ; _bJessica Kingsley Publishers, _c2017. |
||
| 264 | 1 |
_aPhiladelphia : _aPhiladelphia : _bJessica Kingsley Publishers, _c2017. |
|
| 300 |
_a327 pages, [16] pages of plates : _billustrations ; _c24 cm |
||
| 336 |
_atext _btxt _2rdacontent |
||
| 337 |
_aunmediated _bn _2rdamedia |
||
| 338 |
_avolume _bnc _2rdacarrier |
||
| 504 | _aIncludes bibliographical references and index. | ||
| 650 | 1 | 2 |
_aArt Therapy _0https://id.nlm.nih.gov/mesh/D001155 |
| 650 | 2 | 2 |
_aCognitive Therapy _0https://id.nlm.nih.gov/mesh/D015928 |
| 650 | 2 | 2 |
_aMindfulness _0https://id.nlm.nih.gov/mesh/D064866 |
| 650 | 2 | 2 |
_aCreativity _0https://id.nlm.nih.gov/mesh/D003405 |
| 650 | 2 | 2 |
_aBorderline Personality Disorder _xtherapy _0https://id.nlm.nih.gov/mesh/D001883Q000628 |
| 001 | data | ||
| 999 |
_c1088 _d1088 |
||